Nepravé podraďovacie súvetie

Nepravé podraďovacie súvetie v nemeckom jazyku. Forma a obsah súvetia. Nepravé vztažné vety nadväzovacie (weiterführende Nebensätze).

Na minha lista:
Detalhes bibliográficos
Autor principal: Flochová, Eleonóra
Formato: Capítulo de Livro
Idioma:eslovaco
Assuntos:
Tags: Adicionar Tag
Sem tags, seja o primeiro a adicionar uma tag!

MARC

LEADER 00000nla a2200000 4500
001 0161605
005 20240502072813.7
041 0 |a slo 
044 |a SK 
245 1 0 |a Nepravé podraďovacie súvetie  |c Eleonóra Flochová 
520 |a Nepravé podraďovacie súvetie v nemeckom jazyku. Forma a obsah súvetia. Nepravé vztažné vety nadväzovacie (weiterführende Nebensätze). 
610 2 0 |a jazyky cudzie 
610 2 0 |a nemčina 
610 2 0 |a jazyk odborný 
610 2 0 |a ekonómia 
100 1 |a Flochová, Eleonóra